Optimization of power system operation / (Record no. 520)

000 -LEADER
fixed length control field 00647nam a22002177a 4500
001 - CONTROL NUMBER
control field 520
003 - CONTROL NUMBER IDENTIFIER
control field BD-DhUET
008 - FIXED-LENGTH DATA ELEMENTS--GENERAL INFORMATION
fixed length control field 110506s2009 nju b 001 0 eng
020 ## - INTERNATIONAL STANDARD BOOK NUMBER
International Standard Book Number 9780470298886
040 ## - CATALOGING SOURCE
Original cataloging agency UKM
Transcribing agency UKM
Modifying agency BD-DhUET
082 04 - DEWEY DECIMAL CLASSIFICATION NUMBER
Classification number 623.190151
Item number ZHU/2009
100 1# - MAIN ENTRY--PERSONAL NAME
Personal name Zhu, Jizhong,
245 10 - TITLE STATEMENT
Title Optimization of power system operation /
Statement of responsibility, etc. by Jizhong Zhu.
250 ## - EDITION STATEMENT
Edition statement Ist ed.
260 ## - PUBLICATION, DISTRIBUTION, ETC. (IMPRINT)
Place of publication, distribution, etc. Chichester :
Name of publisher, distributor, etc. John Wiley [distributor],
Date of publication, distribution, etc. 2009.
300 ## - PHYSICAL DESCRIPTION
Extent xviii, 603 p. ;
Dimensions 24 cm.
490 1# - SERIES STATEMENT
Series statement IEEE Press series on power engineering
504 ## - BIBLIOGRAPHY, ETC. NOTE
Bibliography, etc Includes bibliographies.
650 #0 - SUBJECT ADDED ENTRY--TOPICAL TERM
Topical term or geographic name as entry element Electric power Systems-Mathematical model
942 ## - ADDED ENTRY ELEMENTS (KOHA)
Koha item type General Book
Holdings
Koha issues (times borrowed) Price effective from Koha date last seen Koha full call number Withdrawn status Damaged status Date acquired Piece designation (barcode) Shelving location Lost status Koha date last borrowed Koha item type Source of classification or shelving scheme Location (home branch) Not for loan Sublocation or collection (holding branch) Copy number Koha normalized classification for sorting
 2014-07-232014-07-23623.190151/ZHU/2009  2014-07-23109449Circulation section  General Book Central Library, BUET Central Library, BUET1623_000000000000000_190151ZHU2
 2014-07-232014-07-23623.190151/ZHU/2009  2014-07-23109450Circulation section  General Book Central Library, BUET Central Library, BUET2623_000000000000000_190151ZHU2
12014-07-232025-07-12623.190151/ZHU/2009  2014-07-23109840Circulation section 2025-06-30General Book Central Library, BUET Central Library, BUET3623_000000000000000_190151ZHU2